000 00912cab a2200289 4500
001 ABS47222
008 090401t1992 xxu||||| |||| 00| 0 eng d
035 _a(Sirsi) u61102
041 _aeng
245 _aHampshire and Dorset
260 _c1992
350 _a0
490 _aEstates Times
_v(1163) 16 October 1992, 13-32(18)
520 _aSurvey of industrial, retail and office property in Hampshire and Dorest covering Farnborough, Basingstoke, Winchester, Southampton, Alton, Portsmouth, Christchurch, Bournemouth, Poole and Weymouth.
650 _aBLACKWATER VALLEY
650 _aFAREHAM
650 _aFARNBOROUGH AEROSPACE CENTRE
650 _aHAVANT
650 _aOFFICES
650 _aPLANNING
650 _aRENTS
650 _aSOLENT CORRIDOR
650 _aWATERLOOVILLE
690 _aPROPERTY-COMMERCIAL PROPERTY-COMMERCIAL PROPERTY MARKET
942 _n0
948 _c04/03/1997
999 _c37780
_d37780